| 000 | 00453nam a22001697a 4500 | ||
|---|---|---|---|
| 008 | 230721b |||||||| |||| 00| 0 eng d | ||
| 020 | _a0593050959 | ||
| 050 | _aPR 6055.L79 .E48 2004 | ||
| 100 | _aElton, Ben | ||
| 245 |
_aPast Mortem : _cBen, Elton. |
||
| 250 | _a1et ed | ||
| 260 |
_aLondon: _bRandom, _c2004. |
||
| 300 |
_a372p. ; _c22 cm |
||
| 500 | _aincludes bibliographic references | ||
| 650 | _2Murder -Investigation | ||
| 942 |
_2lcc _cBOOKS |
||
| 999 |
_c31721 _d31721 |
||